书目信息 |
| 题名: |
棚车少年
|
|
| 作者: | 华娜 著 ;裴欣乐 译 | |
| 分册: | 2 奇异岛 | |
| 出版信息: | 长沙 湖南少年儿童出版社 2021.12 |
|
| 页数: | 269页 | |
| 开本: | 21cm | |
| 丛书名: | 棚车少年 | |
| 单 册: | ||
| 中图分类: | H319.4:I712.84 , H319.4:I | |
| 科图分类: | ||
| 主题词: | 儿童小说--er tong xiao shuo--长篇小说--美国--现代--英语--汉语--对照读物 | |
| 电子资源: | ||
| ISBN: | 978-7-5562-6009-6 | |
| 000 | 01425nam 2200325 450 | |
| 001 | 28474 | |
| 005 | 20221009194922.03 | |
| 010 | @a978-7-5562-6009-6@dCNY26.80 | |
| 100 | @a20220308d2021 cemy0chiy50 ea | |
| 101 | 1 | @achi@aeng@ceng |
| 102 | @aCN@b430000 | |
| 105 | @aa z 000ay | |
| 200 | 1 | @a棚车少年@Apeng che shao nian@h2@d= The boxcar children@h2@i奇异岛@f(美) 钱德勒·华娜著@g裴欣乐译@zeng |
| 210 | @a长沙@c湖南少年儿童出版社@d2021.12 | |
| 215 | @a269页@c图@d21cm | |
| 225 | 2 | @a棚车少年@Apeng che shao nian@h第一辑 |
| 300 | @a小博集 中英双语 | |
| 312 | @a原文其他题名取自版权页 | |
| 330 | @a“爷爷, 你就快点告诉我们吧! ”亨利大声央求道, “我们一路从学校飞奔回家, 就是想知道你有什么好消息告诉我们呢! ”“对啊, 爷爷, 快跟我们说说你的好主意! ”本尼扑到草地上, 在小狗身边躺下, 继续说道: “放暑假了, 我们有一整个夏天哪! 就连望望也想知道你有什么奇思妙想! ”“我和奥莱特也想知道! ”杰西附和道…… | |
| 410 | 0 | @12001 @a棚车少年@h第一辑 |
| 500 | 10 | @aBoxcar children@h2@iSurprise island@mChinese |
| 517 | 1 | @a奇异岛@Azhong ying shuang yu |
| 517 | 1 | @a奇异岛@Aqi yi dao |
| 606 | 0 | @a儿童小说@Aer tong xiao shuo@x长篇小说@y美国@z现代@x英语@x汉语@j对照读物 |
| 690 | @aH319.4:I712.84@v5 | |
| 690 | @aH319.4:I@v4 | |
| 701 | 1 | @a华娜@Ahua na@g(Warner, Gertrude Chandler),@f1890-1979@4著 |
| 702 | 0 | @a裴欣乐@Apei xin le@4译 |
| 801 | 0 | @aCN@c20220910 |
| 905 | @a河南城建学院图书馆@dH319.4:I@eH682:2@f3 | |
| 棚车少年.2= The boxcar children.2.奇异岛/(美) 钱德勒·华娜著/裴欣乐译.-长沙:湖南少年儿童出版社,2021.12 |
| 269页:图;21cm.-(棚车少年.第一辑) |
| 小博集 中英双语 |
| ISBN 978-7-5562-6009-6:CNY26.80 |
| “爷爷, 你就快点告诉我们吧! ”亨利大声央求道, “我们一路从学校飞奔回家, 就是想知道你有什么好消息告诉我们呢! ”“对啊, 爷爷, 快跟我们说说你的好主意! ”本尼扑到草地上, 在小狗身边躺下, 继续说道: “放暑假了, 我们有一整个夏天哪! 就连望望也想知道你有什么奇思妙想! ”“我和奥莱特也想知道! ”杰西附和道…… |
| ● |
| 相关链接 |
|
|
|
正题名:棚车少年
索取号:H319.4:I/H682:2
 
预约/预借
| 序号 | 登录号 | 条形码 | 馆藏地/架位号 | 状态 | 备注 |
| 1 | 1581501 | 215815018 | 语言库209/209语言库 53排4列4层/ [索取号:H319.4:I/H682:2] | 在馆 | |
| 2 | 1581502 | 215815027 | 语言库209/209语言库 53排4列4层/ [索取号:H319.4:I/H682:2] | 在馆 | |
| 3 | 1582823 | 215828237 | 语言库209/209语言库 53排4列4层/ [索取号:H319.4:I/H682:2] | 在馆 |